00455 2200169 4500001002100000008004100021035002000062245004800082100001600130260004300146300001300189020002200202084001400224082000800238650002000246990001900266INLIS000000000001494 ind  a0010-0724001494 aA ConfessionbSEBUAH PENGAKUANcLEO TOLSTOY aLEO TOLSTOY aSurabaya :bEcosystem Publishingc2018 a148 hlm. a978-602-1527-57-3 a813 LEO a a813 aFiksi Indonesia aP29/CP/24/1494